000 00406nam a22001697a 4500
005 20180319165457.0
008 160523b xxu||||| |||| 00| 0 eng d
020 _a81-85386-102
041 _aeng
082 _b4190
_a337
100 _aKindle bergers
_94210
245 _aInternational Economics
260 _aNew Delhi
_bAcademic Faundation
300 _a576
650 _aManagement
_9241
942 _cBK
999 _c1414
_d1414